Maʻāhid al-tanṣīṣ ʻalá shawāhid al-Talkhīṣ /
محفوظ في:
المؤلف الرئيسي:
مؤلفون آخرون:
التنسيق: كتاب
اللغة: Arabic
منشور في:
Misṛ :
Matḅaʻat al-Saʻādah,
1947.
الموضوعات:
الوسوم: إضافة وسم
لا توجد وسوم, كن أول من يضع وسما على هذه التسجيلة!
رقم الطلب: PJ6161 .A12 v.1-4
| LEADER | 02781nam a2200289Ia 4500 | ||
|---|---|---|---|
| 003 | OSt | ||
| 005 | 20230925083410.0 | ||
| 008 | 130303s1947 ua b 001 0 ara d | ||
| 952 | |0 0 |1 0 |2 lcc |3 V.1 |4 0 |6 PJ6161 A12 V.00001-00004 |7 1 |9 50219 |a ARCE |b ARCE |d 2023-09-25 |l 0 |o PJ6161 .A12 v.1-4 |p 1029245 |r 2023-09-25 00:00:00 |w 2023-09-25 |y BK | ||
| 952 | |0 0 |1 0 |2 lcc |3 V.2 |4 0 |6 PJ6161 A12 V.00001-00004 |7 1 |9 63292 |a ARCE |b ARCE |d 2024-02-28 |l 0 |o PJ6161 .A12 v.1-4 |p 1029246 |r 2024-02-28 00:00:00 |w 2024-02-28 |y BK | ||
| 952 | |0 0 |1 0 |2 lcc |3 V.3 |4 0 |6 PJ6161 A12 V.00001-00004 |7 1 |9 63293 |a ARCE |b ARCE |d 2024-02-28 |l 0 |o PJ6161 .A12 v.1-4 |p 1029247 |r 2024-02-28 00:00:00 |w 2024-02-28 |y BK | ||
| 952 | |0 0 |1 0 |2 lcc |3 V.4 |4 0 |6 PJ6161 A12 V.00001-00004 |7 1 |9 63294 |a ARCE |b ARCE |d 2024-02-28 |l 0 |o PJ6161 .A12 v.1-4 |p 1029248 |r 2024-02-28 00:00:00 |w 2024-02-28 |y BK | ||
| 999 | |c 30297 |d 30297 | ||
| 010 | |a 81129279 | ||
| 040 | |c ARCE Library | ||
| 050 | 4 | |a PJ6161 .A12 v.1-4 | |
| 100 | 1 | |6 880-01 |a ʻAbbāsī, ʻAbd al-Raḥīm ibn ʻAbd al-Raḥmān, |d 1462 or 1463-1555 or 1556, |e author | |
| 245 | 1 | 0 | |6 880-02 |a Maʻāhid al-tanṣīṣ ʻalá shawāhid al-Talkhīṣ / |c Taʼlīf ʻAbd al-Raḥīm ibn Aḥmad al-ʻAbbāsī ; ḥaqqaqahu wa-ʻallaqa ḥawāshiyahu wa-ṣanaʻa fahārisahu Muḥammad Muḥī al-Dīn ʻAbd al-Ḥamīd. |
| 264 | 1 | |a Misṛ : |b Matḅaʻat al-Saʻādah, |c 1947. | |
| 300 | |a 4 volumes ; |c 25 cm. | ||
| 504 | |a Includes bibliographical references and indexes. | ||
| 650 | 0 | |a Arabic language |x Rhetoric. | |
| 700 | 1 | |a ʿAbd al-Ḥamīd, Muḥammad Muḥyī al-Dīn. | |
| 880 | 1 | |6 100-01/(3/r |a عباسي، عبد الرحيم بن عبد الرحمن، |d 1462 أو 1463-1555 أو 1556. | |
| 880 | 1 | 0 | |6 245-02/(3/r |a معاهد التنصيص على شواهد التلخيص |c تأليف عبد الرحيم بن أحمد العباسي ؛ حققه و علق حواشيه و صنع فهارسه محمد محي الدين عبد الحميد. |
| 901 | |a reviewed | ||
| 942 | |c BK |2 lcc | ||
